Friday Night Lights Characters - Statistics

General Stats
  • This quiz has been taken 376 times
  • The average score is 13 of 17
Answer Stats
Hint Character % Correct
Panthers Quarterback Matt Saracen
96%
Panthers Fullback Tim Riggins
95%
Panthers Star Running Back Brian "Smash" Williams
94%
Panthers/Lions Head Coach Eric Taylor
93%
Owner of Car Dealership/Booster Buddy Garrity
89%
Panthers injured Quarterback Jason Street
89%
Panthers QB's Best Friend Landry Clarke
89%
Coaches' Daughter Julie Taylor
87%
Booster's Daughter Lyla Garrity
87%
Head Coach's Wife Tami Taylor
86%
Works at Applebees Tyra Collette
84%
Lions Quarterback Vince Howard
67%
Lions Running Back Luke Cafferty
60%
Panthers Quarterback "Young Gun" J.D. McCoy
55%
Lion's Running Back's Girlfriend Becky Sproles
38%
Panthers Replacement QB for 1 Game Ray "Voodoo" Tatum
38%
Panthers QB's Grandmother Lorraine Saracen
24%
No matching quizzes found
Score Distribution
Percent of People with Each Score
Percentile by Number Answered
Your Score History
You have not taken this quiz